Statistics for Answers are Family Members

Click here to take the quiz!

General Stats

  • This quiz has been taken 32 times
  • The average score is 9 of 14

Answer Stats

HintAnswer% Correct
Another name for Santa Claus, ______ ChristmasFather
100%
Whoopi Goldberg movie: ______ ActSister
97%
______ EarthMother
90%
The top-selling rice in the United States from 1950 until the 1990s, _____ Ben'sUncle
87%
O _______ Where Art Thou?Brother
77%
Pretzel company ______ Anne'sAuntie
74%
___________ clockGrandfather
74%
David Berkowitz was known as the ___ of SamSon
74%
Personification of a New YearBaby
45%
Folk Artist's nickname _______ MosesGrandma
45%
A homphone of a city in FranceNiece
45%
The last play Abraham Lincoln ever saw, "Our American ______."Cousin
39%
Julia Roberts and Susan Sarandon FilmStepmom
32%
Movie where Prestige Worldwide reunite at the Catalina Wine MixerStep Brothers
13%

Score Distribution

Percentile by Number Answered

Percent of People with Each Score

Your Score History

You have not taken this quiz